banner

Historia de la Argentina : (Registro nro. 785)

000 -LEADER
fixed length control field 01081nam a2200253 a 4500
003 - CONTROL NUMBER IDENTIFIER
control field AR-BaISA
005 - DATE AND TIME OF LATEST TRANSACTION
control field 20220506114505.0
007 - PHYSICAL DESCRIPTION FIXED FIELD--GENERAL INFORMATION
fixed length control field ta
008 - FIXED-LENGTH DATA ELEMENTS--GENERAL INFORMATION
fixed length control field 220322s2012 ag ao||f |||| 000 0 spa d
020 ## - INTERNATIONAL STANDARD BOOK NUMBER
International Standard Book Number 9789876292306
040 ## - CATALOGING SOURCE
Language of cataloging spa
Transcribing agency AR-BaISA
082 04 - DEWEY DECIMAL CLASSIFICATION NUMBER
Edition number 22
Classification number 982 H62 1852-1890
100 1# - MAIN ENTRY--PERSONAL NAME
9 (RLIN) 1868
Personal name Sabato, Hilda
245 10 - TITLE STATEMENT
Title Historia de la Argentina :
Remainder of title 1852-1890 /
Statement of responsibility, etc. Hilda Sabato
250 ## - EDITION STATEMENT
Edition statement 3a. ed.
260 ## - PUBLICATION, DISTRIBUTION, ETC.
Place of publication, distribution, etc. Buenos Aires :
Name of publisher, distributor, etc. Siglo Veintiuno,
Date of publication, distribution, etc. 2012
300 ## - PHYSICAL DESCRIPTION
Extent 35 p. :
Other physical details il., fotos
490 0# - SERIES STATEMENT
Serie Biblioteca básica de historia
504 ## - BIBLIOGRAPHY, ETC. NOTE
Bibliography, etc. note Bibliografía p.: 337-350.
505 ## - FORMATTED CONTENTS NOTE
Title Constituir una república federal --
-- Dos repúblicas (I). La Confederación Argentina --
-- Dos repúblicas (II). El estado de Buenos Aires --
-- En busca de un estado --
-- En guerras --
-- La centralización estatal y sus límites --
-- La vida política: nuevas y viejas prácticas --
-- El proyecto centralizador: fortalezas y debilidades --
-- Un modelo de estado --
-- Apogeo y crisis
650 14 - SUBJECT ADDED ENTRY--TOPICAL TERM
9 (RLIN) 1870
Topical term or geographic name entry element Historia del siglo XIX
651 10 - SUBJECT ADDED ENTRY--GEOGRAPHIC NAME
9 (RLIN) 3
Geographic name Argentina
942 ## - ADDED ENTRY ELEMENTS (KOHA)
Source of classification or shelving scheme
Koha item type Libros
Existencias
Withdrawn status Lost status Source of classification or shelving scheme Damaged status Not for loan Permanent Location Current Location Date acquired Inventory number Full call number Barcode Date last seen Price effective from Koha item type
          Biblioteca ISALUD. Dr. Néstor Rodríguez Campoamor Biblioteca ISALUD. Dr. Néstor Rodríguez Campoamor 2022-03-22 4312 982 H62 1852-1890 4312 2022-03-22 2022-03-22 Libros